[Event "RSA-ch U10"]
[Site "Bloemfontein"]
[Date "2016.03.21"]
[Round "3"]
[White "Peter, Neathan"]
[Black "Delport, Ben"]
[Result "1-0"]
[WhiteElo "958"]
[BlackElo "925"]
[PlyCount "33"]
[EventDate "2016.03.20"]
[EventType "swiss"]
[EventRounds "11"]
[EventCountry "RSA"]
[SourceTitle "CBM 171 Extra"]
[Source "ChessBase"]
[SourceDate "2016.04.26"]
[SourceVersion "1"]
[SourceVersionDate "2016.04.26"]
[SourceQuality "1"]

1. e4 c5 2. Nf3 d6 3. Bc4 e6 4. 0-0 Nf6 5. Nc3 Be7 6. d3 0-0 7. Bg5 Nbd7 8. Qd2 h6 9. Bh4 a6 10. a4 Qc7 11. Rfe1 Qd8 12. Bg3 Nb6 13. Rad1 d5 14. exd5 exd5 15. Ba2 c4 16. dxc4 dxc4 17. Qxd8 1-0

[Event "RSA-chT U10"]
[Site "Cape Town"]
[Date "2016.01.06"]
[Round "6.7"]
[White "Delport, Ben"]
[Black "Cohen, Nicolaas"]
[Result "0-1"]
[WhiteElo "827"]
[BlackElo "680"]
[PlyCount "26"]
[EventDate "2016.01.04"]
[EventType "team-tourn"]
[EventRounds "7"]
[EventCountry "RSA"]
[SourceTitle "CBM 170 Extra"]
[Source "ChessBase"]
[SourceDate "2016.02.25"]
[SourceVersion "1"]
[SourceVersionDate "2016.02.25"]
[SourceQuality "1"]
[WhiteTeam "Tshwane"]
[BlackTeam "Bojanala Platina"]
[WhiteTeamCountry "RSA"]
[BlackTeamCountry "RSA"]

1. d4 Nc6 2. Nf3 Nf6 3. Nc3 d5 4. h3 Ne4 5. Bd2 Bf5 6. e3 h5 7. Bd3 Qd6 8. a3 Qg6 9. Rg1 Bxh3 10. gxh3 Qf6 11. b4 g5 12. b5 g4 13. Nh2 Qxf2# 0-1